00608nam a2200157 a 450000100100000000500170001000800410002704000250006808200140009310000500010724500800015726000640023730000200030195201120032199900170043300003468420240322185316.0111018s2004 xxu 000 0 spa d aDO-SdBNPbspacBNPHU axxxxbO741 aOrnes Coiscou, Germán E.,d1919-199895781410aThe other side of the coin. /cA collection of articles by German E. Ornes. aWashington :bEmbassy of the Dominicana Republic,c[19--?]. a80 p. ;c23 cm. 001050718MOaGRbGRcCTd2011-10-18iLF1l0oxxxx O74p34684-10r2020-06-25w2020-06-25y1ZNo se presta c34175d34175